[Event "Internet Section 06B g/8'+2\""]
[Site "Dos Hermanas"]
[Date "2004.03.06"]
[Round "4"]
[White "Badana, Fernando"]
[Black "Suokas, Ali Mikael"]
[Result "1-0"]
[WhiteElo "1378"]
[BlackElo "1470"]
[PlyCount "71"]
[EventDate "2004.03.06"]
[EventType "swiss (blitz)"]
[EventRounds "9"]
[EventCountry "ESP"]
[SourceTitle "CBM 099 Extra"]
[Source "ChessBase"]
[SourceDate "2004.05.04"]
[SourceVersion "1"]
[SourceVersionDate "2004.05.04"]
[SourceQuality "1"]

1. d4 d5 2. c4 dxc4 3. e4 e5 4. d5 c6 5. Nc3 cxd5 6. exd5 Nf6 7. Bxc4 Bd7 8. Nf3 Bb4 9. 0-0 Bxc3 10. bxc3 0-0 11. Nxe5 Qe8 12. Re1 Qc8 13. d6 Ng4 14. Nxd7 Qxd7 15. Re7 Qd8 16. Qxg4 Qxd6 17. Re1 Nc6 18. Bh6 Qg6 19. Qxg6 hxg6 20. Be3 Ne5 21. Bd5 Rab8 22. Rab1 b6 23. Rbd1 Rfe8 24. Bf4 Ng4 25. Bxb8 Rxb8 26. Re7 Nh6 27. Bc4 Rc8 28. Bb3 Rxc3 29. g4 Nxg4 30. Rxf7 Kh8 31. Rdd7 Rc1+ 32. Kg2 Ne5 33. Rf8+ Kh7 34. Rxa7 Rc6 35. Raa8 Nd7 36. Rh8# 1-0

[Event "Internet Section 06B g/8'+2\""]
[Site "Dos Hermanas"]
[Date "2004.03.06"]
[Round "1"]
[White "Suokas, Ali Mikael"]
[Black "Stevens, Tom"]
[Result "0-1"]
[WhiteElo "1497"]
[BlackElo "2049"]
[PlyCount "86"]
[EventDate "2004.03.06"]
[EventType "swiss (blitz)"]
[EventRounds "9"]
[EventCountry "ESP"]
[SourceTitle "CBM 099 Extra"]
[Source "ChessBase"]
[SourceDate "2004.05.04"]
[SourceVersion "1"]
[SourceVersionDate "2004.05.04"]
[SourceQuality "1"]

1. e4 Nc6 2. f4 d5 3. exd5 Qxd5 4. Nc3 Qe6+ 5. Qe2 Nd4 6. Qxe6 Bxe6 7. Bd3 0-0-0 8. Nf3 Nxf3+ 9. gxf3 Nf6 10. f5 Bd5 11. Nxd5 Rxd5 12. Be4 Rd8 13. d3 g6 14. fxg6 hxg6 15. Be3 Kb8 16. 0-0-0 Bh6 17. Bxh6 Rxh6 18. h4 Rdh8 19. Rhg1 Rxh4 20. f4 Rxf4 21. Rgf1 Rxf1 22. Rxf1 Nxe4 23. dxe4 f6 24. e5 f5 25. Re1 e6 26. Kd2 Kc8 27. Ke3 Kd7 28. Kf4 Rh5 29. Rg1 g5+ 30. Kg3 Rh4 31. Rd1+ Kc6 32. b3 Re4 33. c4 Rxe5 34. a4 Re3+ 35. Kf2 Rxb3 36. Rc1 Ra3 37. Ke2 Rxa4 38. Kd3 Kc5 39. Kc3 Rxc4+ 40. Kb2 Rxc1 41. Kxc1 g4 42. Kd2 f4 43. Ke1 e5 0-1